| 000 | 01323 a2200241 4500 | ||
|---|---|---|---|
| 010 | _aHIN-82122 | ||
| 020 |
_a9788190483704 _c200.00 |
||
| 035 | _aHN-54468 | ||
| 037 | _bपु.प्र.अ.प्र/प्रका | ||
| 082 | 1 | 4 | _aउ |
| 090 |
_c9877 _d9877 |
||
| 100 | 1 | _aमित्तल, महेन्द्र | |
| 245 | 1 |
_aधर्मयुद्ध; (अशोक कालीन एक ऐतिहासिक उपन्यास)/ _cमहेन्द्र मित्तल |
|
| 246 |
_aDharmyudh _bby Mahendra Mittal |
||
| 260 |
_aदिल्ली _bग्लोबल एक्सचंज पब्लिशर्स _c2007 |
||
| 270 |
_a1362, कश्मीरी गेट, निकट बॉटा शू. कं. _bदिल्ली _e110006 |
||
| 300 |
_a176पृ _c22 सेमी (सजिल्द) |
||
| 650 | _aहिन्दी उपन्यास | ||
| 650 | _aHindi Novel | ||
| 942 |
_adpl _cHN _kउ / मित्तल |
||
| 999 |
_c9695 _d9695 |
||